|
|
แสดงรายละเอียดบรรณานุกรม |
|
|
Brief Record
: Get Marc (ISO 2709)
: E-mail record
: |
|
|
| LEADER 00000nam 2200000uu 4500 | |||
| 001 211387 | |||
| 003 ULIBM | |||
| 008 020711s2559 th a 000 0 tha d | |||
| 041 ^atha^beng | |||
| 060 4 WL704 ส181 2559 | |||
| 110 สถาบันพระบรมราชชนก กลุ่มพัฒนาการศึกษา | |||
| 245 คู่มือการสอนหลักสูตรความสำคัญในการจัดการความปวด เรื่อง การประเมินและการจัดการความปวด ตามกรอบ RAT Mode/^cกลุ่มพัฒนาการศึกษา สถาบันพระบรมราชชนก. | |||
| 246 31 ^aRecognize Assess Treatment Model (RAT Model) | |||
| 246 30 ^aการประเมินและการจัดการความปวด | |||
| 250 พิมพ์ครั้งที่ ครั้งแรก | |||
| 260 นนทบุรี :^bกลุ่มพัฒนาการศึกษา สถาบันพระบรมราชชนก,^c2559 | |||
| 300 151 หน้า :^bภาพประกอบ ;^c24 ซม. | |||
| 650 4 การจัดการความปวด^xคู่มือการสอน | |||
| 650 4 ^aความปวด | |||
| 999 ^aใช้งานได้ทุกระบบ | |||
| คุณยังไม่ได้ล็อกอิน คุณสามารถมีกิจกรรมร่วมกับเว็บไซต์ได้ แต่ต้องล็อกอินก่อน :: |
|
| สถานะ | |||||||||
| 1. | หนังสือทั่วไป | WL704 ส181 2559 ฉ.1 | On Shelf ขอยืม | ||||||
| 2. | หนังสือทั่วไป | WL704 ส181 2559 ฉ.2 | On Shelf ขอยืม | ||||||
| Note:อภินันทนาการ | |||||||||
| 3. | หนังสือทั่วไป | WL704 ส181 2559 ฉ.3 | On Shelf ขอยืม | ||||||
| Note:อภินันทนาการ | |||||||||
| 4. | หนังสือทั่วไป | WL704 ส181 2559 ฉ.4 | ถูกยืม กำหนดส่งวันที่ จอง | ||||||
| Note:อภินันทนาการ | |||||||||
| 5. | หนังสือทั่วไป | WL704 ส181 2559 ฉ.5 | On Shelf ขอยืม | ||||||
| Note:อภินันทนาการ | |||||||||
| 6. | หนังสือทั่วไป | WL704 ส181 2559 ฉ.6 | On Shelf ขอยืม | ||||||
| Note:อภินันทนาการ | |||||||||
| 7. | หนังสือทั่วไป | WL704 ส181 2559 ฉ.7 | On Shelf ขอยืม | ||||||
| Note:อภินันทนาการ | |||||||||
| 8. | หนังสือทั่วไป | WL704 ส181 2559 ฉ.8 | On Shelf ขอยืม | ||||||
| Note:อภินันทนาการ | |||||||||
| 9. | หนังสือทั่วไป | WL704 ส181 2559 ฉ.9 | On Shelf ขอยืม | ||||||
| Note:อภินันทนาการ | |||||||||
| 10. | หนังสือทั่วไป | WL704 ส181 2559 ฉ.10 | On Shelf ขอยืม | ||||||
| Note:อภินันทนาการ | |||||||||
| 11. | หนังสือทั่วไป | WL704 ส181 2559 ฉ.11 | On Shelf ขอยืม | ||||||
| Note:อภินันทนาการ | |||||||||
| [แสดง 11/11 รายการ] | |||||||||
| รายการใกล้เคียง หัวเรื่อง [ความปวด]
|
BibComment |
| คอมเมนท์ทรัพยากรรายการนี้ |
|
|